Statistics for Similar-sized countries #15 - Cape Verde

Click here to take the quiz!

General Stats

  • This quiz has been taken 24 times
  • The average score is 7 of 10

Answers on the Map

Answers color-coded by a green-red scale on the quiz's map according to % correct below.
 

Answer Stats

Area size (sq. km)Country% Correct
964São Tomé and Príncipe
91%
2,030Mauritius
87%
10,010Bahamas
83%
2,821Samoa
83%
1,862Comoros
78%
9,241Cyprus
74%
2,586Luxembourg
74%
5,128Trinidad and Tobago
74%
5,265Brunei
52%
10,000Gambia
35%

Score Distribution

Percentile by Number Answered

Percent of People with Each Score

Your Score History

You have not taken this quiz